000 00936cab a22002295a 4500
001 L154012
008 111004e20110929xxk 000 0 eng d
035 _a(Sirsi) u154012
041 0 _aeng
100 1 _aBarker, Katie
245 0 0 _aWord of mouth is enshrined in law
260 _c2011
490 _aConstruction News
_v(7235) 29 September 2011, 16-17(2)
520 _aOral contracts will be legally binding when the long-awaited amendments to the Construction Act come into force; the changes are intended to make payment more transparent and fairer; timeline of the amendments since 1996.
590 _aKA
650 2 4 _aHOUSING GRANTS, CONSTRUCTION AND REGENERATION ACT 1996
650 2 4 _aLOCAL DEMOCRACY, ECONOMIC DEVELOPMENT AND CONSTRUCTION ACT 2009
651 4 _aUnited Kingdom
_y
690 _aBUILT ENVIRONMENT-CONSTRUCTION MANAGEMENT-BUILDING CONTRACT ADMINISTRATION
690 _aProcurement
_96260
942 _n0
999 _c83450
_d83450